Normal view MARC view
  • ALIMENTOS -

Entry Materia

Number of records used in: 14

001 - NÚMERO DE CONTROL DEL REGISTRO

  • campo de control: 2218

003 - IDENTIFICADOR DE NUMERO DE CONTROL

  • campo de control: UPN

005 - FECHA Y HORA DE LA ÚLTIMA TRANSACCIÓN

  • campo de control: 20210219193619.0

008 - DATOS DE LONGITUD FIJA

  • campo de control de longitud fija: nabaccnnaabn|||||||||| b |nc|||||d

035 ## - NÚMERO DE CONTROL DEL SISTEMA

  • Número de control del sistema: UPN10000002218

040 ## - FUENTE DE LA CATALOGACIÓN

  • Lengua de catalogación: SPA
  • Agencia de transcripción: UPN

053 #4 - NÚMERO CLASIFICADOR - BIBLIOTECA DEL CONGRESO (LC)

  • Elemento numérico de la clasificación - Número único o no. inicial del rango: HD9000
  • Elemento numérico de la clasificación - Número único o no. final del rango: HD9019
  • Frase explicativa: Economía

150 ## - ENCABEZAMIENTO - TEMÁTICO

  • Término de materia o nombre geográfico como elemento inicial: ALIMENTOS -
  • Subdivisión de materia general: ABASTECIMIENTO

450 ## - VÉASE - MATERIA

  • Encabezamiento temático: Abastecimiento de alimentos

450 ## - VÉASE - MATERIA

  • Encabezamiento temático: Abastos

450 ## - VÉASE - MATERIA

  • Encabezamiento temático: Alimentos, Abastos de

670 ## - FUENTE EN LA QUE SE LOCALIZARON DATOS

  • Cita de la fuente: B/P

902 ## - CATALOGADOR

  • Catalogador: MEEG/110796